000 00721nam a2200241 a 4500
999 _c1722
_d1722
007 ta
008 200116t2011 xxkad||g |||| 001 0 eng d
020 _a9781439838969
_c£. 84.00
040 _aKO
_beng
041 0 _aeng
044 _axxk
082 0 4 _223
_a551.46
_bL484
245 1 0 _aRIP Currents :
_bBeach Safety, physical Oceanography, and Wave Modeling /
_cEdited by Stephen Leatherman and John Fletemeyer
260 _aBoca Raton :
_bCRC Press ,
_c2011 .
300 _axv , 277 p. :
_bill., Charts. ;
_c25 cm
504 _aIncludes Index.
650 0 _aOceanography
_vTextbooks
700 _aLeatherman, Stephen.
_eedt
700 _aFletemeyer, John.
_eedt
904 _aReshma_R
942 _cRT